| 000 | 00625nam a22002057a 4500 | ||
|---|---|---|---|
| 003 | UA-OsUOA | ||
| 001 | 46287 | ||
| 007 | ta | ||
| 008 | 20120208b un ||||| |||| 00| 0 ukr d | ||
| 090 |
_a050 _bС25 |
||
| 942 | _cNP | ||
| 040 |
_aUA-OsUOA _bukr _cUA-OsUOA _dUA-OsUOA |
||
| 245 | _aСвобода | ||
| 955 | _a4 | ||
| 041 | _aukr | ||
| 080 | _a050 | ||
| 310 | _a2005: Ч. 3, 37, 50, 51, 52; 2006: Ч. 1, 2, 4, 5; | ||
| 650 | 7 |
_a050 Серійні публікації. Періодика галузі, Організація та інші типи поєднання (співробітництва) _2UDC |
|
| 999 |
_c426399 _d426399 |
||